000 01117cam a2200289 i 4500
001 41285
003 Mx-PuUPA
005 20250718152404.0
008 140415s2020 fr ad fr 000 0 eng d
040 _aMx-PuUPA
_bspa
_cMx-PuUPA
_dMx-PuUPA
_erda
041 0 _aeng
100 1 _aMellul, Corinne,
_eautor
_917284
245 1 4 _aThe fourth industrial revolution in higher education and work :
_ban assessment /
_cCorinne Mellul
264 1 _aParis, France :
_cInternational Federation for Catholic Universities,
_b[2020?]
300 _a148 páginas :
_bilustraciones, gráficas ;
_c21 cm
336 _2rdacontent
_atexto
_btxt
337 _2rdamedia
_asin medio
_bn
338 _2rdacarrier
_avolumen
_bnc
650 7 _2armarc
_aEmpleos
_xEducación vocacional
650 7 _2armarc
_aTrabajos manuales (educación)
650 7 _2armarc
_aEconomía del trabajo
_xEducación superior
650 7 _2armarc
_aRelaciones industriales
_xEvaluación
942 _2ddc
_cLI
_h331.9592
_iM57
999 _c41285
_d41285